कर्तृत्वाचा महामेरु डॉ. हेडगेवार (Record no. 105331)

MARC details
000 -LEADER
fixed length control field 00767nam a2200181Ia 4500
008 - FIXED-LENGTH DATA ELEMENTS--GENERAL INFORMATION
fixed length control field 090124s9999 xx 000 0 und d
082 ## - DEWEY DECIMAL CLASSIFICATION NUMBER
Item number 39248
100 ## - MAIN ENTRY--PERSONAL NAME
Personal name देशपांडे शशिकांत
245 ## - TITLE STATEMENT
Title कर्तृत्वाचा महामेरु डॉ. हेडगेवार
250 ## - EDITION STATEMENT
Edition statement 1
260 ## - PUBLICATION, DISTRIBUTION, ETC. (IMPRINT)
Name of publisher, distributor, etc चंद्रकला प्रकाशन
Date of publication, distribution, etc 1989
300 ## - PHYSICAL DESCRIPTION
Extent 104
600 ## - SUBJECT ADDED ENTRY--PERSONAL NAME
Personal name देशपांडे शशिकांत
630 ## - SUBJECT ADDED ENTRY--UNIFORM TITLE
Uniform title कर्तृत्वाचा महामेरु डॉ. हेडगेवार
700 ## - ADDED ENTRY--PERSONAL NAME
Personal name देशपांडे शशिकांत
730 ## - ADDED ENTRY--UNIFORM TITLE
Uniform title कर्तृत्वाचा महामेरु डॉ. हेडगेवार
942 ## - ADDED ENTRY ELEMENTS (KOHA)
Koha item type Book
Holdings
Withdrawn status Lost status Damaged status Not for loan Home library Current library Date acquired Cost, normal purchase price Total Checkouts Full call number Barcode Date last seen Cost, replacement price Price effective from Koha item type
        Nagar Wachan Mandir, Thane Nagar Wachan Mandir, Thane   30.00   39248 THNNWM-39248 01/24/2009 30.00 01/24/2009 Book